000 00776nam a2200229 i 4500
003 IT-RoINE
005 20181024055634.0
008 090512s1924 it |||||r |||||||ita d
040 _cIT-RoINE
_dIT-RoINE
041 7 _aita
_2ISO-639-2
100 1 _aGatta, Clemente M. Giuseppe
_953673
245 1 2 _aL'Anno Santo 1925 :
_bmanuale storico-dogmatico sulle sante indulgenze e modo pratico per l'acquisto del Santo Giubileo /
_cpadre don Clemente M. Gatta.
246 1 3 _aL'Anno Santo millenovecentoventicinque
250 _a2ª ed.
260 _aTorino ;
_aRoma :
_bMarietti,
_c1924.
300 _aXXIV, 160 p. ;
_c18 cm.
336 _2rdacontent
_atext
337 _2rdamedia
_aunmediated
338 _2rdacarrier
_avolume
650 4 _952248
_aAño santo, 1925
942 _cMTS
999 _c27198
_d27198